000 00343nam a2200145Ia 4500
003 OSt
005 20240102064507.0
008 170524s9999 xx 000 0 und d
020 _a9788189161569
040 _cIIMT UNIVERSITY
100 _aKUMAR SANJAY
245 0 _aANTERASTRIIYA SAMBHAND
260 _bNew Delhi : Adhiyaya
942 _2ddc
_c01
999 _c9412
_d9412